Les surnoms des sportifs connus - Statistiques

Statistiques générales
  • Ce quiz a été pris 395 fois
    388 depuis la dernière actualisation
  • Le résultat moyen est 9 sur 27
Statistiques - réponses
Surnom Prénom et nom du sportif % Correct
Zizou Zinedine Zidane
93%
Poupou Raymond Poulidor
74%
Platoche Michel Platini
68%
Titi Thierry Henry
65%
Le blaireau Bernard Hinault
61%
El pibe de oro Diego Maradona
58%
Le cannibale Eddy Merckx
49%
Scarface Franck Ribéry
46%
La guêpe Laura Flessel
42%
L'ange vert Dominique Rocheteau
36%
Boum Boum Boris Becker
34%
La gazelle Marie José Pérec
34%
Le professeur Alain Prost
31%
Casque d'or Jean Pierre Rives
31%
Le kid de Las Vegas André Agassi
30%
Le pirate Marco Pantani
29%
MaÎtre Jacques Jacques Anquetil
28%
Le king Eric Cantona
26%
The snake Youri Djorkaeff
25%
Le bombardier marocain Marcel Cerdan
20%
Jimbo Jimmy Connors
17%
Attila Sébastien Chabal
17%
Kid Dynamite Mike Tyson
12%
Le sphinx Robert Herbin
10%
Kaiser Franz Frantz Beckenbauer
9%
El matador Raphael Nadal
3%
Le sphinx de Benodet Eric Tabarly
1%
Aucun quiz correspondant
Distribution des résultats
% des personnes avec chaque résultat
Percentile par nombre de réponses
Votre historique - résultats
Vous n’avez pas pris ce quiz depuis la dernière actualisation